Essential grammar in use
Sparad:
| Huvudupphovsman: | |
|---|---|
| Materialtyp: | Bok |
| Språk: | spanska engelska |
| Publicerad: |
Madrid
Cambridge university press
1994
|
| Upplaga: | 1a. ed |
| Ämnen: | |
| Taggar: |
Lägg till en tagg
Inga taggar, Lägg till första taggen!
|
MARC
| LEADER | 00000nam a2200000 a 4500 | ||
|---|---|---|---|
| 001 | UCH6888 | ||
| 003 | CL-VaPUC | ||
| 008 | 091109e19940000SP |||||||||||||||||spa|d | ||
| 020 | |a 0521447054 | ||
| 041 | 0 | 7 | |a spa |2 CL-VaPUC |
| 041 | 0 | 7 | |a eng |2 CL-VaPUC |
| 082 | 0 | 4 | |a 428 |b MUR |2 21 |
| 100 | |a Murphy, Raymond |e author |9 558575 | ||
| 245 | 1 | 0 | |a Essential grammar in use |
| 246 | 1 | 0 | |a Gramática básica del inglés |
| 250 | |a 1a. ed | ||
| 300 | |a 257 p | ||
| 942 | |c BK | ||
| 945 | |d 20091109 00:00:00 |a ccalabra | ||
| 260 | |a Madrid |b Cambridge university press |c 1994 | ||
| 500 | |a Con respuestas | ||
| 650 | 0 | |a Educación |9 258661 | |
| 650 | 0 | |a Lengua inglesa |9 453712 | |
| 650 | 0 | |a Gramática inglesa |9 392981 | |
| 650 | 0 | |a Lingüística |9 265068 | |
| 650 | 0 | |a Aprendizaje de idiomas |9 454840 | |
| 650 | 0 | |a Ejercicios de lectura |9 324248 | |
| 650 | 0 | |a Ejercicios de escritura |9 346986 | |
| 650 | 0 | |a Comprensión de lectura |9 307588 | |
| 651 | 0 | |a Inglaterra |9 255158 | |
| 583 | |a last modification |c 20091109 00:00:00 |k Rodrigo Vera | ||
| 999 | |c 337692 |d 337690 | ||